000
00403nam a2200157Ia 4500
008
100122s9999 xx 000 0 und d
082
_b
74408
_a
823
100
_a
नायक श्रीकांत
245
_a
चक्रव्यूह
250
_a
1
260
_c
2008
300
_a
296
630
_a
चक्रव्यूह
730
_a
चक्रव्यूह
942
_c
BOOK
999
_c
390595
_d
390592